Najbardziej zaludnione państwa - Nagła Śmierć - Statystyki

Ogólne statystyki
  • Ten quiz został rozwiązany 63 razy
    55 od ostatniego zresetowania
  • Średni wynik to 13 z 24
Answers on the Grid
Answers color-coded by a green-red scale on the quiz's grid according to % correct below.
Angola
Australia
Bangladesz
Brazylia
Chiny
Demokratyczna Republika Konga
Egipt
Etiopia
Filipiny
Francja
Haiti
Hiszpania
Indie
Indonezja
Irak
Iran
Japonia
Jemen
Kanada
Korea Południowa
Malezja
Meksyk
Niemcy
Nigeria
Pakistan
Peru
Polska
Republika Południowej Afryki
Rosja
Somalia
Stany Zjednoczone
Szwecja
Tajlandia
Tanzania
Turcja
Uganda
Ukraina
Uzbekistan
Wielka Brytania
Wietnam
 
Statystyki odpowiedzi
Odpowiedź % Poprawnych
1422 m Chiny
100%
1470 m Indie
100%
177 m Bangladesz
86%
119 m Egipt
71%
117 m Filipiny
71%
287 m Indonezja
71%
257 m Pakistan
71%
352 m Stany Zjednoczone
71%
213 m Brazylia
57%
115 m Demokratyczna Republika Konga
57%
137 m Etiopia
57%
123 m Japonia
57%
132 m Meksyk
57%
92.8 m Iran
43%
240 m Nigeria
43%
65.1 m Republika Południowej Afryki
43%
144 m Rosja
43%
87.8 m Turcja
43%
102 m Wietnam
43%
69.3 m Francja
29%
83.7 m Niemcy
29%
71.6 m Tajlandia
29%
71.6 m Tanzania
14%
70.3 m Wielka Brytania
14%
Nie znaleziono quizów pasujących do podanych kryteriów
Rozkład punktacji
Procent ludzi z każdym wynikiem
Percentyl według liczby udzielonych odpowiedzi
Twoja historia wyników
Nie rozwiązałeś tego quizu od ostatniego zresetowania